000 00392nam a22001697a 4500
005 20160629170047.0
008 160629b xxu||||| |||| 00| 0 eng d
020 _a978-81-317-1929-9
041 _aeng
082 _b10864
100 _aChand hoke, Neera and others
_93239
245 _aContemporary India
260 _bPearson
300 _a388
650 _aManagement
_9241
942 _cBK
999 _c4772
_d4770